LEADER 01419nam a2200325 a 4500 001 000000124507 003 CaOOAMICUS 005 20110303140144.0 008 110303t2010 it u000 u ita r 020 $a978-88-348-9696-9 040 $aPUL$bita 082 04$a341.48 110 1 $aItalia.$0(OLS)http://pul/name/1188 245 10$aCodice di diritto internazionale umanitario /$cEdoardo Greppi, Gabriella Venturini ; con la collaborazione di Monica Rovera e Ludovica Poli. 250 $a3. ed. 260 $aTorino :$bGiappichelli,$c©2010. 300 $aXIII, 489 p. ;$c21 cm. 650 4$aDiritti umani$xDiritto e legislazione.$0(OLS)http://pul/subject/18255 700 1 $aVenturini, Gabriella.$0(OLS)http://pul/name/66464 700 1 $aGreppi, Edoardo.$0(OLS)http://pul/name/66463 700 1 $aPoli, Ludovica.$0(OLS)http://pul/name/78645 700 1 $aRovera, Monica.$0(OLS)http://pul/name/78646 850 $aPUL 852 $aPUL$W1$xDP2 Diritto e Scienze Sociali 3$y110$m341. 48 GREED 2$j143343$qDDC 21$B142377$CPULBib$Z2$F142377 $H116235 $82 941 1 $a9 996 $6020$a978-88-348-9696-9$9(OLS)http://pul/number/146525 996 $6082$a341.48$9(OLS)http://pul/classification/1879 996 $6245$aCodice di diritto internazionale umanitario$9(OLS)http://pul/title/136448 996 $6260$aTorino :$bGiappichelli$9(OLS)http://pul/publisher/48244 LEADER 01479nam a2200301 a 4500 001 000000120729 003 CaOOAMICUS 005 20100315123907.0 008 100315t2009 it a u000 u ita r 020 $a978-88-498-2225-0 040 $aPUL$bita$dReb 100 1 $aSchinella, Ignazio,$d1949-$0(OLS)http://pul/name/42730 245 14$aLa "Madre di Gesù" Madre del "Discepolo amato" :$bMaria Madre nello Spirito del sacerdozio di Cristo e dei cristiani /$cIgnazio Schinella ; prefazione di S.E. Mons. Antonio Staglianò. 260 $aSoveria Mannelli :$bRubbettino,$c©2009. 300 $a242 p. :$bill. ;$c21 cm. 490 1 $aTeologia e teologi ;$v06 504 $aBibliografia in nota. 650 4$aMariologia.$0(OLS)http://pul/subject/28018 700 1 $aStaglianò, Antonio,$cvescovo di Noto,$d1959-$0(OLS)http://pul/name/41444 830 0$aTeologia e teologi ;$v06.$0(OLS)http://pul/title/151819 850 $aPUL 852 $aPUL$W1$xSL Religione 3$y85$m232. 91 SCHIG 1$j138369$qDDC 21$B137596$CPULBib$Z2$F137596 $H112462 $82 941 1 $a9 960 $aMaria Virgo,$cs.$928018 960 $aMaria Virgo,$cs.$928018 996 $6020$a978-88-498-2225-0$9(OLS)http://pul/number/143573 996 $6245$aLa "Madre di Gesù" Madre del "Discepolo amato" :$bMaria Madre nello Spirito del sacerdozio di Cristo e dei cristiani$9(OLS)http://pul/title/151818 996 $6260$aSoveria Mannelli :$bRubbettino$9(OLS)http://pul/publisher/51639